000 00267nam a2200109Ia 4500
008 220204s9999 xx 000 0 und d
082 _a327
_bSAR
100 _aSaralpatra
245 0 _aIndian ocean and great powers
260 _aNew Delhi
_bSterling
_c1979
942 _cBK
999 _c32969
_d32969